Entry Nombre personal
001 - NÚMERO DE CONTROL
- campo de control: 176476
003 - IDENTIFICADOR DE NÚMERO DE CONTROL
- campo de control: SpMaBN
005 - FECHA Y HORA DE LA ÚLTIMA TRANSACCIÓN
- campo de control: 20250901023959.0
008 - ELEMENTOS DE DATO DE LONGITUD-FIJA
- campo de control de longitud fija: 030905n| aijnnaabn |n aac
016 ## - NÚMERO DE CONTROL DE UNA AGENCIA BIBLIOGRÁFICA NACIONAL
- Número de control del registro: BNE20032394378
040 ## - FUENTE DE CATALOGACIÓN
- Centro catalogador/agencia de origen: SpMaBN
- Lengua de catalogación: spa
- Centro/agencia transcriptor: SpMaBN
- Normas de descripción: rdc
- Convención/Normas de encabezamiento de materia/tesauro: embne
100 1# - ENCABEZAMIENTO-NOMBRE DE PERSONA
- Nombre de persona: Castellano-Maury, Eloísa
375 ## - GÉNERO/SEXO
- Género: Femenino
400 1# - TRAZADO DE VÉASE--NOMBRE DE PERSONA
- Nombre de persona: Castellano, Eloísa
400 1# - TRAZADO DE VÉASE--NOMBRE DE PERSONA
- Nombre de persona: Castellano Maury, Eloísa
670 ## - FUENTE DE DATOS ENCONTRADOS
- Cita de la fuente: El caso Dora, más allá del diván, 2003
- Información encontrada: port. (Eloísa Castellano-Maury)
670 ## - FUENTE DE DATOS ENCONTRADOS
- Cita de la fuente: Todo menos suicidio
- Información encontrada: v. port. (Versión castellana de Eloisa Castellano)
670 ## - FUENTE DE DATOS ENCONTRADOS
- Cita de la fuente: Los cuentos infantiles, 2015
- Información encontrada: port. (coord. Eloísa Castellano) p. 4 de la cub. (este libro recoge las conferencias impartidas por miembros de la Asociación Psicoanalítica de Madrid)
670 ## - FUENTE DE DATOS ENCONTRADOS
- Cita de la fuente: WWW Asociación Psicoanalítica de Madrid, 29-12-2015
- Información encontrada: (Eloísa Castellano-Maury)
